Nicht qualifiziert für die Fußball WM 2026 #1 - Statistiken

Allgemein
  • Dieses Quiz wurde 128 mal gespielt
  • Das Durchschnittsergebnis liegt bei 5 aus 6
Answers on the Grid
Answers color-coded by a green-red scale on the quiz's grid according to % correct below.
Serbien
Island
Usbekistan
Australien
Peru
Kanada
Mali
Kamerun
Thailand
 
Antwortstatistiken
Antwort % Korrekt
Thailand
96%
Mali
94%
Island
90%
Peru
88%
Serbien
86%
Kamerun
84%
Keine übereinstimmenden Quizze gefunden
Verteilung der Resultate
Anzahl Personen mit jedem Resultat
Perzentil nach korrekt beantworteten Fragen
Ihre Resultats-Entwicklung
Sie haben dieses Quiz noch nicht gespielt